[Event "Karpos Open 2016"]
[Site "Skopje, MKD"]
[Date "2016.04.02"]
[Round "3"]
[Board "4"]
[White "Yanev, Tihomir"]
[Black "Kozul, Zdenko"]
[Result "0-1"]
[WhiteElo "2391"]
[BlackElo "2600"]
[PlyCount "112"]
[EventDate "2016.04.01"]
[EventRounds "9"]
[EventCountry "MKD"]

1. Nf3 Nf6 2. d4 g6 3. g3 Bg7 4. Bg2 d5 5. c4 c6 6. cxd5 cxd5 7. O-O O-O 8. Nc3
e6 9. Bf4 Bd7 10. Qb3 Bc6 11. Ne5 Nfd7 12. Nxd7 Nxd7 13. Rfd1 Nb6 14. h4 Qd7
15. Qc2 Nc4 16. h5 b5 17. e4 Rac8 18. a3 dxe4 19. h6 Bh8 20. Nxe4 Bxe4 21. Qxe4
Nxb2 22. Rd2 Nc4 23. Rd3 Rfd8 24. Bg5 Re8 25. Qf3 f6 26. Bf4 Red8 27. Bh3 f5
28. Rdd1 Bf6 29. Bf1 a6 30. Rab1 Nb6 31. Bg2 Nd5 32. Be5 Bg5 33. Rd3 Bxh6 34.
g4 Bg7 35. gxf5 exf5 36. Re1 Nf6 37. Qb7 Qxb7 38. Bxb7 Rc2 39. Bxa6 Ne4 40. Rf3
Bxe5 41. dxe5 Rb8 42. a4 bxa4 43. Bd3 Rc5 44. e6 Nc3 45. Rf4 Kg7 46. e7 Re8 47.
Rc4 Rxc4 48. Bxc4 a3 49. Ra1 Rxe7 50. Rxa3 Ne4 51. Bd5 Nf6 52. Bf3 g5 53. Ra5
g4 54. Bc6 Kg6 55. Ba4 Rc7 56. Bb5 Rc3 0-1

[Event "Karpos Open 2016"]
[Site "Skopje, MKD"]
[Date "2016.04.02"]
[Round "3"]
[Board "5"]
[White "Saric, Ante"]
[Black "Berzinsh, Roland"]
[Result "0-1"]
[WhiteElo "2587"]
[BlackElo "2394"]
[PlyCount "54"]
[EventDate "2016.04.01"]
[EventRounds "9"]
[EventCountry "MKD"]

1. d4 d5 2. c4 dxc4 3. e3 b5 4. a4 b4 5. Qf3 c6 6. Bxc4 e6 7. Ne2 Nf6 8. O-O
Be7 9. Nd2 O-O 10. b3 Bb7 11. Bb2 Nbd7 12. Rac1 Qb8 13. Qh3 c5 14. Nf4 Rd8 15.
Nxe6 fxe6 16. Qxe6+ Kh8 17. Qxe7 Re8 18. Qf7 Qd8 19. e4 Re7 20. Qxe7 Qxe7 21.
e5 Nd5 22. Ne4 cxd4 23. Bxd4 Nxe5 24. Rfe1 Nxc4 25. bxc4 Nf4 26. Ng3 Qf7 27.
Rcd1 Nxg2 0-1

[Event "Karpos Open 2016"]
[Site "Skopje, MKD"]
[Date "2016.04.02"]
[Round "3"]
[Board "6"]
[White "Svetushkin, Dmitry"]
[Black "Abramovic, Bosko"]
[Result "1-0"]
[WhiteElo "2562"]
[BlackElo "2388"]
[PlyCount "107"]
[EventDate "2016.04.01"]
[EventRounds "9"]
[EventCountry "MKD"]

1. e4 e5 2. Nf3 Nc6 3. Bb5 a6 4. Ba4 Nf6 5. O-O Be7 6. Re1 b5 7. Bb3 d6 8. c3
O-O 9. h3 Nb8 10. d4 Nbd7 11. Nbd2 Bb7 12. Bc2 Re8 13. a4 Bf8 14. Bd3 c6 15. b3
g6 16. Bb2 Bg7 17. Qc2 Rc8 18. b4 Nh5 19. Bf1 Nf4 20. g3 Ne6 21. h4 Nb6 22.
axb5 cxb5 23. d5 Nd4 24. Qd1 Nxf3+ 25. Qxf3 Na4 26. Rxa4 bxa4 27. Nc4 Rf8 28.
Na5 Qc7 29. c4 f5 30. Bh3 Rce8 31. Nxb7 Qxb7 32. Ba3 Kh8 33. h5 fxe4 34. Qxe4
Qf7 35. Re2 Qf3 36. Bc1 gxh5 37. c5 a3 38. Qxf3 Rxf3 39. Ra2 Rd3 40. Be3 dxc5
41. bxc5 Rxd5 42. Rxa3 e4 43. Ra4 Bf6 44. c6 Bg5 45. Bd7 Rf8 46. Bd4+ Rxd4 47.
Rxd4 Bd8 48. Rb4 Kg7 49. Rb7 a5 50. Be6+ Kf6 51. Bc4 Be7 52. Rd7 a4 53. c7 a3
54. Ba6 1-0

[Event "Karpos Open 2016"]
[Site "Skopje, MKD"]
[Date "2016.04.02"]
[Round "3"]
[Board "7"]
[White "Vega Gutierrez, Sabrina"]
[Black "Nikolov, Momchil"]
[Result "0-1"]
[WhiteElo "2381"]
[BlackElo "2559"]
[PlyCount "108"]
[EventDate "2016.04.01"]
[EventRounds "9"]
[EventCountry "MKD"]

1. e4 e5 2. Nf3 Nc6 3. Bc4 Bc5 4. O-O d6 5. c3 Bb6 6. d3 h6 7. a4 Nf6 8. Re1
O-O 9. b4 a6 10. Na3 Kh8 11. a5 Ba7 12. Nc2 Ng4 13. d4 f5 14. exf5 Bxf5 15. Bd3
Bxd3 16. Qxd3 d5 17. Qg6 Qd7 18. h3 Nxf2 19. Nxe5 Nxe5 20. Rxe5 Ne4 21. c4 Rf6
22. Qg4 Qf7 23. Be3 c6 24. c5 Rf8 25. Qh4 Bb8 26. Re1 Rf1+ 27. Kh2 Rf5 28. Kg1
Rf1+ 29. Kh2 Rxe1 30. Nxe1 Qf6 31. Nf3 Bxe5+ 32. dxe5 Qxh4 33. Nxh4 Rf1 34. e6
Kg8 35. Bd4 Nf6 36. g4 Re1 37. Nf5 Rxe6 38. Nd6 Re7 39. Nf5 Re2+ 40. Kg3 Rd2
41. Kf4 Ne8 42. Ke3 Rh2 43. h4 g6 44. Nxh6+ Kf8 45. Kf4 Nc7 46. Bf6 Ne6+ 47.
Kg3 Rh1 48. h5 gxh5 49. g5 Rb1 50. Kh4 Rh1+ 51. Kg3 d4 52. Kf2 Rh2+ 53. Ke1 d3
54. Nf5 Kf7 0-1

[Event "Karpos Open 2016"]
[Site "Skopje, MKD"]
[Date "2016.04.02"]
[Round "3"]
[Board "8"]
[White "Dvirnyy, Danyyil"]
[Black "Livaic, Leon"]
[Result "1-0"]
[WhiteElo "2555"]
[BlackElo "2380"]
[PlyCount "78"]
[EventDate "2016.04.01"]
[EventRounds "9"]
[EventCountry "MKD"]

1. d4 e6 2. c4 Nf6 3. Nc3 Bb4 4. Qc2 c5 5. dxc5 O-O 6. Nf3 Na6 7. g3 Nxc5 8.
Bg2 Nce4 9. O-O Nxc3 10. bxc3 Be7 11. e4 d6 12. e5 dxe5 13. Nxe5 Qc7 14. Qe2
Bd6 15. Bf4 Nd7 16. Nxd7 Bxd7 17. Bxd6 Qxd6 18. Bxb7 Rab8 19. Rfd1 Qc7 20. Be4
Bc6 21. Rab1 g6 22. Bxc6 Rxb1 23. Rxb1 Qxc6 24. Rd1 Rc8 25. Rd4 Rb8 26. Qd3 Kg7
27. Rd7 Rb1+ 28. Qxb1 Qxd7 29. Qe4 Qc7 30. Qd4+ Kf8 31. c5 Ke8 32. Qh8+ Ke7 33.
Qxh7 Qxc5 34. Qh4+ Kd7 35. Qa4+ Kc7 36. Qf4+ Kb6 37. Qb4+ Kc6 38. Qxc5+ Kxc5
39. h4 Kd5 1-0

[Event "Karpos Open 2016"]
[Site "Skopje, MKD"]
[Date "2016.04.02"]
[Round "3"]
[Board "9"]
[White "Mastrovasilis, Athanasios"]
[Black "Konguvel, Ponnuswamy"]
[Result "1/2-1/2"]
[WhiteElo "2538"]
[BlackElo "2368"]
[PlyCount "116"]
[EventDate "2016.04.01"]
[EventRounds "9"]
[EventCountry "MKD"]

1. d4 Nf6 2. Nf3 g6 3. g3 Bg7 4. Bg2 O-O 5. O-O d6 6. b3 c5 7. Bb2 cxd4 8. Nxd4
d5 9. c4 dxc4 10. bxc4 Qb6 11. Nb3 Be6 12. Qd4 Nc6 13. Qxb6 axb6 14. N1d2 Rfd8
15. Rfc1 Ra4 16. e3 Ne4 17. Bxg7 Nxd2 18. Bc3 Nxc4 19. Rd1 Rda8 20. Nd4 Nxd4
21. Bxd4 Rxa2 22. Rxa2 Rxa2 23. Bxb7 Nd6 24. Bg2 b5 25. Bc5 Bb3 26. Rb1 Bc4 27.
h4 f5 28. Bc6 Ne4 29. Bxe4 fxe4 30. Bxe7 Kf7 31. Bc5 Ke6 32. g4 Kd5 33. Bf8 Bd3
34. Rb4 Ra4 35. Rxa4 bxa4 36. Kg2 Be2 37. Kg3 Bf3 38. Kf4 Kc4 39. g5 Kb3 40.
Bg7 a3 41. Bd4 a2 42. Ke5 Kc2 43. Kf6 Kb1 44. Kg7 a1=Q 45. Bxa1 Kxa1 46. Kxh7
Bh5 47. Kg7 Kb2 48. Kf6 Kc3 49. Ke6 Kd3 50. Ke5 Ke2 51. Kxe4 Kxf2 52. Kf4 Kg2
53. e4 Kh3 54. Ke5 Kxh4 55. Kf6 Bf3 56. Kxg6 Bxe4+ 57. Kh6 Kg4 58. g6 Bxg6
 1/2-1/2

[Event "Karpos Open 2016"]
[Site "Skopje, MKD"]
[Date "2016.04.02"]
[Round "3"]
[Board "10"]
[White "L'ami, Alina"]
[Black "Kovacevic, Aleksandar"]
[Result "0-1"]
[WhiteElo "2348"]
[BlackElo "2520"]
[PlyCount "62"]
[EventDate "2016.04.01"]
[EventRounds "9"]
[EventCountry "MKD"]

1. d4 Nf6 2. c4 e6 3. Nc3 c5 4. d5 exd5 5. cxd5 d6 6. e4 g6 7. f4 Bg7 8. Bb5+
Nfd7 9. Nf3 O-O 10. O-O a6 11. Bd3 b5 12. Kh1 Re8 13. a3 c4 14. Bc2 Nc5 15. f5
Nbd7 16. Bg5 Bf6 17. h4 Bxg5 18. hxg5 Ne5 19. Qd2 Bd7 20. Nxe5 Rxe5 21. fxg6
hxg6 22. Rf6 Be8 23. Raf1 Nd7 24. Rxd6 Rxg5 25. Kg1 Qe7 26. Rdf6 Rxg2+ 27. Kxg2
Nxf6 28. Qg5 Nxd5 29. Qh6 Nxc3 30. bxc3 Qe5 31. Rh1 Qxc3 0-1

[Event "Karpos Open 2016"]
[Site "Skopje, MKD"]
[Date "2016.04.02"]
[Round "3"]
[Board "11"]
[White "Maksimovic, Branimir"]
[Black "Pancevski, Filip"]
[Result "0-1"]
[WhiteElo "2330"]
[BlackElo "2500"]
[PlyCount "64"]
[EventDate "2016.04.01"]
[EventRounds "9"]
[EventCountry "MKD"]

1. c4 e5 2. g3 Nc6 3. Nc3 h5 4. h4 Bc5 5. e3 d6 6. Nge2 Bg4 7. Bg2 Nge7 8. a3
a5 9. f3 Bd7 10. d4 exd4 11. exd4 Ba7 12. Bg5 O-O 13. Qd2 a4 14. Nxa4 f6 15.
Be3 Nf5 16. Bf2 Ncxd4 17. Nxd4 Re8+ 18. Kf1 Bxd4 19. Nc3 Bxf2 20. Kxf2 c6 21.
c5 Qa5 22. b4 Qa7 23. Ne4 d5 24. g4 dxe4 25. Qxd7 e3+ 26. Kg1 Ng3 27. Rh3 Ne2+
28. Kh1 Nf4 29. Rg3 Rad8 30. Qc7 Nd5 31. Qa5 Qxa5 32. bxa5 e2 0-1

[Event "Karpos Open 2016"]
[Site "Skopje, MKD"]
[Date "2016.04.02"]
[Round "3"]
[Board "12"]
[White "Valsecchi, Alessio"]
[Black "Tsolakidou, Stavroula"]
[Result "1/2-1/2"]
[WhiteElo "2492"]
[BlackElo "2355"]
[PlyCount "90"]
[EventDate "2016.04.01"]
[EventRounds "9"]
[EventCountry "MKD"]

1. e4 c5 2. Nf3 d6 3. d4 cxd4 4. Nxd4 Nf6 5. Nc3 a6 6. Bg5 Nbd7 7. Bc4 Qb6 8.
Qd2 Qxb2 9. Rb1 Qa3 10. O-O Qc5 11. Bd5 g6 12. Na4 Qc7 13. Qe3 Bg7 14. Bxf7+
Kxf7 15. Qb3+ d5 16. exd5 b5 17. Rfe1 bxa4 18. Qxa4 Nc5 19. Qc4 Qd6 20. Nc6 Re8
21. Rbd1 Nce4 22. Bxf6 Nxf6 23. Re6 Bxe6 24. dxe6+ Kg8 25. Rxd6 exd6 26. e7+
Kh8 27. Qe6 h6 28. Qxd6 Rac8 29. g3 Kh7 30. Kg2 Ne4 31. Qe6 Nf6 32. Qd6 Ng8 33.
h4 h5 34. c4 Bf6 35. Qe6 Kg7 36. Nd8 Rcxd8 37. exd8=Q Rxe6 38. Qd5 Kf7 39. c5
Ne7 40. Qc4 a5 41. Kh3 Nc6 42. Qf4 Re5 43. Qc4+ Re6 44. Qf4 Re5 45. Qc4+ Re6
 1/2-1/2

[Event "Karpos Open 2016"]
[Site "Skopje, MKD"]
[Date "2016.04.02"]
[Round "3"]
[Board "13"]
[White "Koksal, Ege"]
[Black "Milanovic, Danilo"]
[Result "1/2-1/2"]
[WhiteElo "2322"]
[BlackElo "2485"]
[PlyCount "79"]
[EventDate "2016.04.01"]
[EventRounds "9"]
[EventCountry "MKD"]

1. d4 Nf6 2. Bg5 d5 3. Bxf6 exf6 4. e3 Bd6 5. c4 dxc4 6. Bxc4 g6 7. Nf3 Nd7 8.
O-O f5 9. Nc3 O-O 10. h3 c6 11. a3 Qe7 12. Rb1 Nf6 13. Nd2 Kg7 14. Re1 Ne4 15.
Qc2 Re8 16. Bd3 Nxd2 17. Qxd2 Bc7 18. Bf1 Be6 19. g3 Rad8 20. Bg2 Qf6 21. h4 h6
22. f4 g5 23. Qf2 Bb3 24. Bf3 c5 25. dxc5 Qe7 26. Bd1 Bxd1 27. Rbxd1 Qxc5 28.
Rxd8 Bxd8 29. Kg2 Bf6 30. fxg5 hxg5 31. hxg5 Bxg5 32. Qf3 Rxe3 33. Rxe3 Qxe3
34. Qxf5 Bd8 35. Qg4+ Qg5 36. Qd4+ Bf6 37. Qxa7 Qd2+ 38. Qf2 Bxc3 39. bxc3 Qxc3
40. Qf3 1/2-1/2

[Event "Karpos Open 2016"]
[Site "Skopje, MKD"]
[Date "2016.04.02"]
[Round "3"]
[Board "14"]
[White "Sundararajan, Kidambi"]
[Black "Nikolov, Sasho"]
[Result "1-0"]
[WhiteElo "2474"]
[BlackElo "2346"]
[PlyCount "87"]
[EventDate "2016.04.01"]
[EventRounds "9"]
[EventCountry "MKD"]

1. d4 d5 2. Nf3 e6 3. c4 c6 4. Nbd2 Nf6 5. g3 Nbd7 6. Bg2 Be7 7. O-O O-O 8. Qc2
b6 9. e4 a5 10. Rd1 Ba6 11. b3 Qb8 12. e5 Ne8 13. Nf1 Nc7 14. Ng5 g6 15. h4 b5
16. Ne3 bxc4 17. bxc4 Nb6 18. Rb1 Qa7 19. c5 Nd7 20. Ng4 Rab8 21. Rxb8 Qxb8 22.
h5 Qd8 23. Nh6+ Kg7 24. Nxh7 Kxh7 25. Nxf7 Rxf7 26. Qxg6+ Kh8 27. Qxf7 Qf8 28.
Qxf8+ Nxf8 29. a4 Be2 30. Re1 Bxh5 31. Bd2 Nd7 32. Bxa5 Na6 33. Rb1 Kg8 34. Rb7
Be8 35. Bf1 Bxc5 36. dxc5 Naxc5 37. Rb4 Nxe5 38. Bb6 Ncd7 39. f4 Nf3+ 40. Kg2
Nd2 41. a5 c5 42. Rb2 Nc4 43. Bxc4 dxc4 44. Rc2 1-0

[Event "Karpos Open 2016"]
[Site "Skopje, MKD"]
[Date "2016.04.02"]
[Round "3"]
[Board "15"]
[White "Enchev, Ivajlo"]
[Black "Danov, Lyubomir"]
[Result "1-0"]
[WhiteElo "2470"]
[BlackElo "2326"]
[PlyCount "69"]
[EventDate "2016.04.01"]
[EventRounds "9"]
[EventCountry "MKD"]

1. d4 d5 2. c4 c6 3. Nc3 Nf6 4. cxd5 cxd5 5. Bf4 Nc6 6. e3 Bf5 7. Qb3 Na5 8.
Bb5+ Bd7 9. Qa4 Nc6 10. Qd1 e6 11. h3 Be7 12. Nf3 O-O 13. O-O Qa5 14. Bd3 Rfc8
15. a3 Qd8 16. Rc1 Be8 17. Qe2 a6 18. Rfd1 b5 19. e4 dxe4 20. Bxe4 Nxe4 21.
Qxe4 b4 22. axb4 Nxb4 23. d5 exd5 24. Nxd5 Rxc1 25. Bxc1 Nxd5 26. Rxd5 Qc8 27.
Bg5 Bxg5 28. Nxg5 g6 29. Qf4 Qc2 30. Re5 Qc6 31. Ne4 Kg7 32. Re7 Qd5 33. Nf6 g5
34. Nh5+ Kf8 35. Qb4 1-0

[Event "Karpos Open 2016"]
[Site "Skopje, MKD"]
[Date "2016.04.02"]
[Round "3"]
[Board "16"]
[White "Annaberdiev, Meilis"]
[Black "Gokerkan, Cem Kaan"]
[Result "1-0"]
[WhiteElo "2460"]
[BlackElo "2295"]
[PlyCount "79"]
[EventDate "2016.04.01"]
[EventRounds "9"]
[EventCountry "MKD"]

1. e4 c5 2. Nf3 d6 3. Bc4 Nf6 4. d3 Nc6 5. O-O g6 6. Nc3 Bg7 7. a3 a6 8. Ba2
O-O 9. h3 h6 10. Be3 e5 11. Nd2 Nh5 12. Nd5 Ne7 13. Nxe7+ Qxe7 14. Nc4 Qd8 15.
b4 b5 16. Nd2 Nf4 17. Nf3 cxb4 18. axb4 Kh7 19. Bxf4 exf4 20. d4 Bb7 21. Re1
Rc8 22. Qd2 f5 23. Bd5 fxe4 24. Bxb7 exf3 25. Bxf3 Rc4 26. c3 Qc8 27. Ra3 Rc7
28. Kh2 Ra7 29. Re2 Qc7 30. Re6 Qd7 31. Qe2 Rf6 32. Re4 d5 33. Re8 Rc6 34. Qe1
Rd6 35. Ra2 Rc6 36. Rae2 Rac7 37. R2e7 Qf5 38. Rd8 Rxe7 39. Qxe7 Rxc3 40. Rd7
 1-0

[Event "Karpos Open 2016"]
[Site "Skopje, MKD"]
[Date "2016.04.02"]
[Round "3"]
[Board "17"]
[White "Burcu, Cagatay"]
[Black "Vojinovic, Goran"]
[Result "0-1"]
[WhiteElo "2219"]
[BlackElo "2449"]
[PlyCount "116"]
[EventDate "2016.04.01"]
[EventRounds "9"]
[EventCountry "MKD"]

1. d4 d5 2. c4 dxc4 3. Nf3 Nf6 4. e3 e6 5. Bxc4 c5 6. O-O a6 7. Qe2 Nc6 8. Rd1
Qc7 9. Nc3 Be7 10. dxc5 Bxc5 11. h3 O-O 12. e4 b5 13. Bb3 Nd7 14. e5 Ndxe5 15.
Bf4 Nxf3+ 16. Qxf3 e5 17. Nd5 Qd6 18. Bg5 Qg6 19. Nf6+ gxf6 20. Qxc6 Qxg5 21.
Qxa8 Bd4 22. Qf3 Bf5 23. g4 Bg6 24. Rac1 e4 25. Qg3 Be5 26. h4 Qxc1 27. Rxc1
Bxg3 28. fxg3 h5 29. Rc5 hxg4 30. h5 Bh7 31. Kf2 Kg7 32. Rc7 Kh6 33. Rc6 Kg5
34. Rxa6 Rd8 35. Rb6 Rd2+ 36. Ke1 Rxb2 37. Rxb5+ Kh6 38. Rb6 e3 39. Rxf6+ Kg5
40. Rxf7 Bd3 41. Rd7 Rb1+ 42. Bd1 Be4 43. Ke2 Bf3+ 44. Kxe3 Bxd1 45. Rd5+ Kh6
46. Ra5 Rb2 47. Rd5 Bf3 48. Ra5 Rb4 49. a4 Re4+ 50. Kd3 Re1 51. Rc5 Rg1 52. a5
Rxg3 53. Ke3 Rh3 54. a6 Rxh5 55. Rc7 Ra5 56. a7 Kg5 57. Rh7 Ra3+ 58. Kf2 g3+
 0-1

[Event "Karpos Open 2016"]
[Site "Skopje, MKD"]
[Date "2016.04.02"]
[Round "3"]
[Board "18"]
[White "Kanmazalp, Ogulcan"]
[Black "Polatel, Ali"]
[Result "0-1"]
[WhiteElo "2444"]
[BlackElo "2106"]
[PlyCount "96"]
[EventDate "2016.04.01"]
[EventRounds "9"]
[EventCountry "MKD"]

1. e4 c5 2. Nf3 g6 3. d4 cxd4 4. Nxd4 Nc6 5. Nc3 Bg7 6. Be3 Nf6 7. Bc4 Qa5 8.
O-O O-O 9. Bb3 d6 10. h3 Bd7 11. Re1 Rad8 12. Nf3 Qh5 13. Qe2 b5 14. a3 a5 15.
Rad1 a4 16. Ba2 b4 17. Nd5 bxa3 18. Nf4 Qa5 19. Bd2 Qc7 20. bxa3 Rb8 21. Qc4
Qc8 22. Bc3 e5 23. Rxd6 Ne8 24. Rxd7 Qxd7 25. Nd5 Kh8 26. Qxa4 Nd6 27. Ba1 Ra8
28. Qb3 Rfb8 29. Qd3 Nb5 30. Bb3 Rxa3 31. Bb2 Ra7 32. h4 Nbd4 33. Nxd4 exd4 34.
h5 gxh5 35. Qd2 Qg4 36. f3 Qg6 37. f4 Rg8 38. Qd3 h4 39. Re2 Qg4 40. Kh1 h3 41.
gxh3 Qh4 42. Rg2 Raa8 43. Rg4 Qf2 44. Rg2 Qh4 45. Rg4 Qf2 46. e5 Nxe5 47. fxe5
Bxe5 48. Qg3 Qf1+ 0-1

[Event "Karpos Open 2016"]
[Site "Skopje, MKD"]
[Date "2016.04.02"]
[Round "3"]
[Board "19"]
[White "Ivanisevic, Ivan"]
[Black "Lazov, Toni"]
[Result "1-0"]
[WhiteElo "2651"]
[BlackElo "2341"]
[PlyCount "113"]
[EventDate "2016.04.01"]
[EventRounds "9"]
[EventCountry "MKD"]

1. d4 Nf6 2. c4 g6 3. Nc3 d5 4. Nf3 Bg7 5. Qb3 dxc4 6. Qxc4 O-O 7. e4 a6 8. Qb3
b5 9. Be2 c5 10. dxc5 Bb7 11. e5 Nfd7 12. Be3 Nxe5 13. Nxe5 Bxe5 14. Rd1 Qc7
15. Nd5 Bxd5 16. Qxd5 Nc6 17. Bf3 Rac8 18. Qxc6 Qxc6 19. Bxc6 Rxc6 20. Rd2 f5
21. f4 Bf6 22. Kf2 b4 23. Rc1 Rb8 24. b3 Kf7 25. Rc4 Rb5 26. Rd7 Ke6 27. Ra7
Kf7 28. Ke2 Rb8 29. h3 h5 30. Kf3 Ke6 31. Bd2 Rd8 32. Be3 Rb8 33. g3 Rb5 34.
Rc2 Kf7 35. Bf2 Rb8 36. g4 hxg4+ 37. hxg4 fxg4+ 38. Kxg4 Rh8 39. Rb7 Rh2 40.
Kg3 Rh5 41. Kg2 g5 42. Rxb4 gxf4 43. Rxf4 Ke8 44. Rg4 Rg5 45. Rxg5 Bxg5 46. b4
Kd7 47. a4 Rg6 48. Kh3 Kc6 49. Rb2 Bc1 50. b5+ axb5 51. axb5+ Kd5 52. Ra2 Bf4
53. Ra8 e5 54. Rf8 Ke4 55. b6 Kf3 56. b7 Rg2 57. Rxf4+ 1-0

[Event "Karpos Open 2016"]
[Site "Skopje, MKD"]
[Date "2016.04.02"]
[Round "3"]
[Board "20"]
[White "Georgiev, Kiril"]
[Black "Atakisi, Umut"]
[Result "1-0"]
[WhiteElo "2631"]
[BlackElo "2315"]
[PlyCount "47"]
[EventDate "2016.04.01"]
[EventRounds "9"]
[EventCountry "MKD"]

1. c4 g6 2. e4 e5 3. d4 exd4 4. Qxd4 Nf6 5. Bg5 Be7 6. Nc3 Nc6 7. Qd2 d6 8.
O-O-O Be6 9. Nf3 Ne5 10. Nd4 Bxc4 11. f4 Bxf1 12. Rhxf1 Nc6 13. Nxc6 bxc6 14.
e5 Nd5 15. exd6 Bxg5 16. Rde1+ Kf8 17. fxg5 Qxd6 18. Ne4 Qb4 19. Qf2 Qc4+ 20.
Kb1 Nb4 21. b3 Qd3+ 22. Kb2 Qd5 23. Qf6 Kg8 24. Qc3 1-0

[Event "Karpos Open 2016"]
[Site "Skopje, MKD"]
[Date "2016.04.02"]
[Round "3"]
[Board "21"]
[White "Radlovacki, Jovan"]
[Black "Damljanovic, Branko"]
[Result "1-0"]
[WhiteElo "2343"]
[BlackElo "2588"]
[PlyCount "83"]
[EventDate "2016.04.01"]
[EventRounds "9"]
[EventCountry "MKD"]

1. d4 Nf6 2. Nf3 g6 3. Bf4 Bg7 4. e3 d6 5. h3 O-O 6. Be2 Nc6 7. O-O Nd7 8. c4
e5 9. Bg3 f5 10. Nc3 g5 11. d5 Ncb8 12. Nd2 a5 13. f3 Na6 14. a3 Qe8 15. Qc2
Nf6 16. Rab1 h5 17. b4 axb4 18. axb4 Qg6 19. Bd3 Bh6 20. Kh1 g4 21. f4 e4 22.
Be2 Bg7 23. Bh4 Bd7 24. Rfc1 c5 25. dxc6 bxc6 26. b5 Nc5 27. Nb3 Nd3 28. Rg1
cxb5 29. cxb5 Kh7 30. Nd4 Rac8 31. Bxd3 exd3 32. Qxd3 Ne4 33. Nxe4 fxe4 34. Qd2
Qf7 35. b6 Qd5 36. Rgd1 gxh3 37. Nf3 hxg2+ 38. Kg1 Qxd2 39. Ng5+ Kg8 40. Rxd2
Rc6 41. b7 Rb8 42. Ra2 1-0

[Event "Karpos Open 2016"]
[Site "Skopje, MKD"]
[Date "2016.04.02"]
[Round "3"]
[Board "22"]
[White "Piasetski, Leon"]
[Black "Djukic, Nikola"]
[Result "1-0"]
[WhiteElo "2282"]
[BlackElo "2563"]
[PlyCount "104"]
[EventDate "2016.04.01"]
[EventRounds "9"]
[EventCountry "MKD"]

1. c4 g6 2. e4 Bg7 3. d4 d6 4. Nc3 Nf6 5. h3 O-O 6. Be3 e5 7. d5 a5 8. Bd3 Na6
9. Nge2 Bd7 10. Qd2 c6 11. a4 Nc5 12. Bc2 Qb6 13. Rb1 Qb4 14. b3 cxd5 15. exd5
Ne8 16. Nb5 Qxd2+ 17. Bxd2 f5 18. Nec3 e4 19. O-O Bf6 20. Be3 Na6 21. Rbc1 g5
22. Bb1 Rf7 23. g4 Re7 24. gxf5 Bxf5 25. Kg2 Nb4 26. Bd4 Bxd4 27. Nxd4 Bg6 28.
Rce1 Nf6 29. Re3 h6 30. Rfe1 Rae8 31. Ndb5 Rd7 32. Nxe4 Bxe4+ 33. Bxe4 Rxe4 34.
Rxe4 Nxe4 35. Rxe4 Nd3 36. Re3 Nc5 37. Nd4 b6 38. Kg3 Kf7 39. f4 Kf6 40. fxg5+
hxg5 41. Kg4 Kg6 42. Nf3 Rf7 43. Nxg5 Rf1 44. Ne6 Nd7 45. Kg3 Nf6 46. Nd4 Nh5+
47. Kg2 Rd1 48. Nb5 Nf4+ 49. Kg3 Nh5+ 50. Kf2 Rd2+ 51. Kf3 Rh2 52. Ke4 Nf6+ 1-0

[Event "Karpos Open 2016"]
[Site "Skopje, MKD"]
[Date "2016.04.02"]
[Round "3"]
[Board "23"]
[White "Dhanush, Bharadwaj"]
[Black "Maiorov, Nikita"]
[Result "0-1"]
[WhiteElo "2221"]
[BlackElo "2547"]
[PlyCount "78"]
[EventDate "2016.04.01"]
[EventRounds "9"]
[EventCountry "MKD"]

1. Nf3 Nf6 2. c4 g6 3. Nc3 Bg7 4. e4 d6 5. d4 O-O 6. Be2 Nbd7 7. O-O e5 8. Be3
Re8 9. dxe5 dxe5 10. h3 c6 11. Qc2 Qe7 12. Rfd1 Qf8 13. a3 Nh5 14. Bf1 Nc5 15.
b4 Ne6 16. Rac1 f5 17. exf5 gxf5 18. c5 Kh8 19. Be2 Nhf4 20. Bf1 Ng6 21. Qb1 e4
22. Nd4 f4 23. Nxe6 Bxe6 24. Bd4 e3 25. Qb2 Bxd4 26. Rxd4 Qg7 27. Rd6 Nh4 28.
Nd1 Qxb2 29. Nxb2 Bd5 30. fxe3 fxe3 31. Rc2 Nf5 32. Rd7 Nd4 33. Re2 Nxe2+ 34.
Bxe2 Rad8 35. Rxb7 Be4 36. Kf1 Rd2 37. Nc4 Bxg2+ 38. Ke1 Ra2 39. Bh5 Ra1+ 0-1

[Event "Karpos Open 2016"]
[Site "Skopje, MKD"]
[Date "2016.04.02"]
[Round "3"]
[Board "24"]
[White "Blagojevic, Dragisa"]
[Black "Percivaldi, Martin"]
[Result "1/2-1/2"]
[WhiteElo "2509"]
[BlackElo "2306"]
[PlyCount "55"]
[EventDate "2016.04.01"]
[EventRounds "9"]
[EventCountry "MKD"]

1. d4 d5 2. c4 c6 3. Nc3 Nf6 4. e3 a6 5. Qc2 g6 6. Bd3 Bg7 7. Nf3 O-O 8. O-O
Bg4 9. Ne5 Be6 10. c5 Nbd7 11. Nxd7 Bxd7 12. Bd2 Qc7 13. f4 Ng4 14. Ne2 f6 15.
h3 Nh6 16. e4 dxe4 17. Bc4+ Kh8 18. Qxe4 f5 19. Qe3 Be8 20. Bc3 Bf7 21. Bxf7
Nxf7 22. d5 cxd5 23. Bxg7+ Kxg7 24. Nd4 Nd8 25. b4 Qd7 26. a4 Rf6 27. Rfe1 Nc6
28. Nxc6 1/2-1/2

[Event "Karpos Open 2016"]
[Site "Skopje, MKD"]
[Date "2016.04.03"]
[Round "4"]
[Board "2"]
[White "Kozul, Zdenko"]
[Black "Sundararajan, Kidambi"]
[Result "1/2-1/2"]
[WhiteElo "2600"]
[BlackElo "2474"]
[PlyCount "104"]
[EventDate "2016.04.01"]
[EventRounds "9"]
[EventCountry "MKD"]

1. d4 d5 2. c4 c6 3. Nc3 Nf6 4. e3 e6 5. Nf3 Nbd7 6. Be2 Bd6 7. O-O O-O 8. b3
b6 9. Bb2 Bb7 10. Bd3 Qe7 11. Re1 Ba3 12. Qc1 Bxb2 13. Qxb2 c5 14. cxd5 Nxd5
15. Nxd5 Bxd5 16. e4 Bb7 17. Qa3 Rfd8 18. Rad1 Nf6 19. Bb1 Qf8 20. Qc1 cxd4 21.
Qf4 Qe7 22. h4 Nh5 23. Qg4 Nf6 24. Qg5 h6 25. Qf4 Nh5 26. Qe5 Qc5 27. Qh2 Rac8
28. g4 Nf6 29. g5 Ng4 30. Qf4 h5 31. Rc1 Qe7 32. Rxc8 Rxc8 33. Qd2 Rd8 34. Bd3
Qd6 35. g6 fxg6 36. e5 Qd5 37. Be4 Qd7 38. Bxb7 Qxb7 39. Ng5 Qd5 40. Qd3 Nxe5
41. Qg3 Ng4 42. Rxe6 Rc8 43. Qf4 Rf8 44. Rd6 Rxf4 45. Rxd5 Rxf2 46. Rxd4 Rf8
47. Rd7 Ne5 48. Rxa7 Nf3+ 49. Nxf3 Rxf3 50. Rb7 Rf6 51. a4 Kh7 52. b4 Kh6
 1/2-1/2

[Event "Karpos Open 2016"]
[Site "Skopje, MKD"]
[Date "2016.04.03"]
[Round "4"]
[Board "3"]
[White "Berzinsh, Roland"]
[Black "Svetushkin, Dmitry"]
[Result "1/2-1/2"]
[WhiteElo "2394"]
[BlackElo "2562"]
[PlyCount "94"]
[EventDate "2016.04.01"]
[EventRounds "9"]
[EventCountry "MKD"]

1. e4 g6 2. d4 Bg7 3. Nc3 c6 4. Nf3 d6 5. Be3 b5 6. Bd3 Nd7 7. O-O Ngf6 8. h3
O-O 9. Qd2 Bb7 10. Bh6 e5 11. Bxg7 Kxg7 12. dxe5 dxe5 13. a4 a6 14. Qe3 Qe7 15.
Rfe1 Rfe8 16. Ne2 Nc5 17. a5 Nfd7 18. Ng3 Ne6 19. c3 c5 20. Bc2 Rad8 21. Rad1
f6 22. Nh4 Kh8 23. Rd2 Ndf8 24. Red1 Rxd2 25. Rxd2 Qc7 26. b4 cxb4 27. cxb4 Nd4
28. Bd1 Rd8 29. Nf3 Nfe6 30. Bb3 Nxf3+ 31. Qxf3 Rxd2 32. Qxf6+ Qg7 33. Qxe6 Rd8
34. h4 Rf8 35. Qb6 Qe7 36. h5 Kg7 37. Qa7 Ra8 38. Qe3 Rd8 39. h6+ Kh8 40. Qa7
Ra8 41. Qb6 Rc8 42. Nf1 Rf8 43. Nd2 Qf6 44. Qxb7 Qxf2+ 45. Kh1 Qh4+ 46. Kg1
Qxh6 47. Qe7 Qe3+ 1/2-1/2

[Event "Karpos Open 2016"]
[Site "Skopje, MKD"]
[Date "2016.04.03"]
[Round "4"]
[Board "4"]
[White "Nikolov, Momchil"]
[Black "Enchev, Ivajlo"]
[Result "1/2-1/2"]
[WhiteElo "2559"]
[BlackElo "2470"]
[PlyCount "34"]
[EventDate "2016.04.01"]
[EventRounds "9"]
[EventCountry "MKD"]

1. e4 c6 2. d4 d5 3. exd5 cxd5 4. c4 Nf6 5. Nc3 e6 6. Nf3 Be7 7. Bd3 dxc4 8.
Bxc4 O-O 9. O-O Nc6 10. a3 b6 11. Bd3 Bb7 12. Bc2 Rc8 13. Qd3 Qd6 14. Bg5 g6
15. Rad1 Rfd8 16. Rfe1 Nd5 17. Ne4 Qc7 1/2-1/2